NBA Solo All-Stars by Year - Statistics

General Stats
  • This quiz has been taken 27 times
  • The average score is 81 of 125
Answer Stats
Hint Answer % Correct
Lakers LeBron James
100%
Nuggets Nikola Jokic
100%
Suns Devin Booker
96%
Sixers Joel Embiid
96%
Suns Kevin Durant
96%
Mavericks Luka Doncic
96%
Warriors Stephen Curry
96%
Timberwolves Anthony Edwards
91%
Thunder Chris Paul
91%
Rockets James Harden
91%
Timberwolves Karl-Anthony Towns
91%
Pelicans Anthony Davis
87%
Hornets Baron Davis
87%
Pistons Cade Cunningham
87%
Trailblazers Damian Lillard
87%
Cavaliers Donovan Mitchell
87%
Grizzlies Ja Morant
87%
Celtics Jayson Tatum
87%
Heat Jimmy Butler
87%
Wizards John Wall
87%
Clippers Kawhi Leonard
87%
Hawks Trae Young
87%
Spurs Victor Wembanyama
87%
Sixers Allen Iverson
83%
Knicks Carmelo Anthony
83%
Bulls Derrick Rose
83%
Mavericks Dirk Nowitzki
83%
Heat Dwyane Wade
83%
Lakers Kobe Bryant
83%
Celtics Kyrie Irving
83%
Clippers Paul George
83%
Thunder Shai Gilgeous-Alexander
83%
Spurs Tim Duncan
83%
Heat Bam Adebayo
78%
Pistons Blake Griffin
78%
Wizards Bradley Beal
78%
Raptors Chris Bosh
78%
Bucks Giannis Antetokounmpo
78%
Grizzlies Jaren Jackson Jr.
78%
Timberwolves Kevin Garnett
78%
Hornets LaMelo Ball
78%
Pacers Pascal Siakam
78%
Thunder Russell Westbrook
78%
Magic Tracy McGrady
78%
Heat Tyler Herro
78%
Pacers Tyrese Haliburton
78%
Pelicans Zion Williamson
78%
Rockets Alperen Sengun
74%
Clippers DeAndre Jordan
74%
Bulls DeMar DeRozan
74%
Nets Deron Williams
74%
Nets Jason Kidd
74%
Nets Joe Johnson
74%
Raptors Kyle Lowry
74%
Wizards Michael Jordan
74%
Nets Vince Carter
74%
Pistons Ben Wallace
70%
Bobcats Gerald Wallace
70%
Spurs LaMarcus Aldridge
70%
Magic Paolo Banchero
70%
Celtics Paul Pierce
70%
Trailblazers Rasheed Wallace
70%
SuperSonics Ray Allen
70%
Raptors Scottie Barnes
70%
Spurs Tony Parker
70%
Nuggets Chauncey Billups
65%
Kings DeMarcus Cousins
65%
Magic Dwight Howard
65%
Celtics Isaiah Thomas
65%
Jazz Karl Malone
65%
Hornets Kemba Walker
65%
Timberwolves Kevin Love
65%
Suns Steve Nash
65%
SuperSonics Gary Payton
61%
Pacers Jermaine O'Neal
61%
Knicks Julius Randle
61%
Jazz Lauri Markkanen
61%
Grizzlies Marc Gasol
61%
Grizzlies Pau Gasol
61%
Grizzlies Zach Randolph
61%
Kings Chris Webber
57%
Hawks Dikembe Mutombo
57%
Pacers Victor Oladipo
57%
Bulls Zach LaVine
57%
Heat Alonzo Mourning
52%
Knicks Amar'e Stoudemire
52%
Pacers Domantas Sabonis
52%
Raptors Fred VanVleet
52%
Bulls Joakim Noah
52%
Magic Nikola Vucevic
52%
Pistons Andre Drummond
48%
Pelicans Brandon Ingram
48%
Spurs Dejounte Murray
48%
Clippers Elton Brand
48%
Wizards Gilbert Arenas
48%
Magic Grant Hill
48%
Knicks Kristaps Porzingis
48%
Rockets Yao Ming
48%
Sixers Andre Iguodala
43%
Nets Brook Lopez
43%
Bucks Michael Redd
43%
Trailblazers Brandon Roy
39%
Pacers Danny Granger
39%
Bucks Glenn Robinson
39%
Sixers Jrue Holiday
39%
Mavericks Michael Finley
39%
Hawks Paul Millsap
39%
Rockets Steve Francis
39%
Knicks Allan Houston
35%
Jazz Andrei Kirilenko
35%
Jazz Carlos Boozer
35%
Nets D'Angelo Russell
35%
Warriors David Lee
35%
Nets Devin Harris
35%
Heat Goran Dragic
35%
Jazz Gordon Hayward
35%
Hornets Eddie Jones
30%
Hornets Jamal Mashburn
30%
Pistons Jerry Stackhouse
30%
Pacers Roy Hibbert
30%
Nets Stephon Marbury
30%
Cavaliers Zydrunas Ilgauskas
30%
Nuggets Antonio McDyess
26%
Clippers Chris Kaman
13%
No matching quizzes found
Score Distribution
Percent of People with Each Score
Percentile by Number Answered
Your Score History
You have not taken this quiz